|
|
|
|
| LEADER |
00000naa2a2200000 4500 |
| 001 |
681097 |
| 005 |
20250903144748.0 |
| 090 |
|
|
|a 681097
|
| 100 |
|
|
|a 20250731d2025 k||y0rusy50 ca
|
| 101 |
0 |
|
|a rus
|
| 102 |
|
|
|a RU
|
| 135 |
|
|
|a drbn ---uucaa
|
| 200 |
1 |
|
|a Выделение тренда полезного сигнала динамического объекта на основе ортогонально-базисной регрессионной модели с помощью проекционного алгоритма
|f Аверкина Д. А., Беляускене Е. А., Глазырин А. С.
|g науч. рук. Боловин Е. В.
|
| 320 |
|
|
|a Список использованных источников: 5 назв
|
| 330 |
|
|
|a Статья посвящена проблеме выделения тренда полезного сигнала в динамических системах. Решение, основанное на применении ортогонально-базисной регрессии с использованием проекционного алгоритма, успешно апробировано на зашумлённой модели объекта первого порядка
|
| 336 |
|
|
|a Текстовый файл
|
| 463 |
|
1 |
|0 681090
|9 681090
|t Молодежь и современные информационные технологии
|o сборник трудов XXII Международной научно-практической конференции студентов, аспирантов и молодых ученых, 15–17 апреля 2025 г., Томск
|f под ред. А. С. Беляева
|c Томск
|d 2025
|n Изд-во ТПУ
|u conference_tpu-2025-C04.pdf
|v С. 55-60
|
| 545 |
1 |
|
|a Автоматизация технологических процессов и производств
|
| 610 |
1 |
|
|a электронный ресурс
|
| 610 |
1 |
|
|a труды учёных ТПУ
|
| 610 |
1 |
|
|a полезный сигнал
|
| 610 |
1 |
|
|a метод наименьших квадратов
|
| 610 |
1 |
|
|a метод Качмажа
|
| 610 |
1 |
|
|a ортогонально-базисная регрессионная модель
|
| 700 |
|
1 |
|a Аверкина
|b Д. А.
|
| 701 |
|
1 |
|a Беляускене
|b Е. А.
|c математик
|c старший преподаватель Томского политехнического университета
|f 1968-
|g Евгения Александровна
|9 21627
|
| 701 |
|
1 |
|a Глазырин
|b А. С.
|c специалист в области электротехники
|c профессор Томского политехнического университета, доктор технических наук
|f 1978-
|g Александр Савельевич
|9 12148
|
| 702 |
|
1 |
|a Боловин
|b Е. В.
|c специалист в области электротехники
|c доцент Томского политехнического университета, кандидат технических наук
|f 1991-
|g Евгений Владимирович
|4 727
|
| 801 |
|
0 |
|a RU
|b 63413507
|c 20250731
|
| 850 |
|
|
|a 63413507
|
| 856 |
4 |
|
|u http://earchive.tpu.ru/handle/11683/132268
|z http://earchive.tpu.ru/handle/11683/132268
|
| 942 |
|
|
|c CF
|